[Event "POL-chT 1st League"]
[Site "Darlowo"]
[Date "2024.09.19"]
[Round "6.29"]
[White "Slezinski, Nikodem"]
[Black "Mazalon, Mariusz"]
[Result "1-0"]
[WhiteElo "1979"]
[BlackElo "1986"]
[PlyCount "59"]
[EventDate "2024.09.14"]
[EventType "team-swiss"]
[EventRounds "9"]
[EventCountry "POL"]
[SourceTitle "EXT 2025"]
[Source "ChessBase"]
[SourceDate "2024.10.14"]
[SourceVersion "1"]
[SourceVersionDate "2024.10.14"]
[SourceQuality "1"]

1. e4 c5 2. Nc3 a6 3. g3 b5 4. Bg2 Bb7 5. d3 e6 6. Nh3 Nf6 7. 0-0 d5 8. exd5 Nxd5 9. Ne4 Nc6 10. Bg5 Nf6 11. Bxf6 gxf6 12. Qh5 Qe7 13. a4 b4 14. c3 bxc3 15. bxc3 0-0-0 16. d4 cxd4 17. cxd4 Rd5 18. Qe2 f5 19. Nc3 Rxd4 20. Bxc6 Bxc6 21. Qe5 Bg7 22. Qxg7 Rhd8 23. Rfc1 Rc4 24. Qe5 Qc5 25. Qxc5 Rxc5 26. Ng5 Rd3 27. Nce4 Rxc1+ 28. Rxc1 Kc7 29. Nc5 Rd4 30. Ncxe6+ 1-0

[Event "POL-chT 2nd League"]
[Site "Jastrzebia Gora"]
[Date "2023.09.09"]
[Round "8.23"]
[White "Slezinski, Nikodem"]
[Black "Powalka, Michal"]
[Result "1-0"]
[WhiteElo "1970"]
[BlackElo "1943"]
[PlyCount "37"]
[EventDate "2023.09.02"]
[EventType "team-swiss"]
[EventRounds "9"]
[EventCountry "POL"]
[SourceTitle "CBM 216 Extra"]
[Source "ChessBase"]
[SourceDate "2023.11.30"]
[SourceVersion "1"]
[SourceVersionDate "2023.11.30"]
[SourceQuality "1"]
[WhiteTeam "Krakow AGH"]
[BlackTeam "Bialoleka Sparta"]
[WhiteTeamCountry "POL"]
[BlackTeamCountry "POL"]

1. e4 e5 2. Nf3 Nc6 3. d4 exd4 4. Bc4 Nf6 5. e5 d5 6. Bb5 Ne4 7. Nxd4 Bc5 8. Be3 Bd7 9. Bxc6 bxc6 10. Nd2 Nxd2 11. Qxd2 Bb6 12. Nb3 Qe7 13. Qc3 0-0 14. Nc5 Rfe8 15. f4 f6 16. 0-0 fxe5 17. fxe5 Bxc5 18. Bxc5 Qxe5 19. Rf8+ 1-0

[Event "POL-chT 2nd League"]
[Site "Jastrzebia Gora"]
[Date "2022.09.10"]
[Round "8.75"]
[White "Wozny, Tomasz"]
[Black "Slezinski, Nikodem"]
[Result "1/2-1/2"]
[WhiteElo "1761"]
[BlackElo "1985"]
[PlyCount "104"]
[EventDate "2022.09.03"]
[EventType "team-swiss"]
[EventRounds "9"]
[EventCountry "POL"]
[SourceTitle "CBM 210 Extra"]
[Source "ChessBase"]
[SourceDate "2022.11.30"]
[SourceVersion "1"]
[SourceVersionDate "2022.11.30"]
[SourceQuality "1"]
[WhiteTeam "Rzeszow Szachownica"]
[BlackTeam "Krakow AGH"]
[WhiteTeamCountry "POL"]
[BlackTeamCountry "POL"]

1. d4 Nf6 2. c4 e6 3. g3 d5 4. Nf3 Be7 5. Nc3 0-0 6. Bg2 dxc4 7. Qa4 a6 8. Qxc4 b5 9. Qd3 Bb7 10. a3 c5 11. 0-0 cxd4 12. Qxd4 Qxd4 13. Nxd4 Bxg2 14. Kxg2 Bc5 15. Nb3 Bb6 16. Rd1 Nbd7 17. Bg5 Rac8 18. Rd6 Rb8 19. Rad1 Ne5 20. Bxf6 gxf6 21. Ne4 Kg7 22. Ned2 Rfd8 23. Rxd8 Rxd8 24. Rc1 a5 25. Nf3 Nc4 26. Rc2 a4 27. Nbd2 Nxd2 28. Nxd2 f5 29. Nf3 Rd6 30. b3 axb3 31. Rb2 Rd5 32. Rxb3 Bd8 33. e3 e5 34. Ne1 Kf6 35. Nd3 e4 36. Nb4 Rd2 37. Nc6 Bb6 38. a4 bxa4 39. Rxb6 Rd6 40. Ra6 a3 41. h4 a2 42. Rxa2 Rxc6 43. Ra8 Kg7 44. Ra5 Kg6 45. Kh3 h5 46. Ra8 f6 47. Rh8 Rc2 48. Kg2 Ra2 49. Rg8+ Kf7 50. Rd8 Kg6 51. Kf1 Rb2 52. Ke1 Rb1+ 1/2-1/2

[Event "POL-chT 2nd League"]
[Site "Jastrzebia Gora"]
[Date "2022.09.03"]
[Round "1.82"]
[White "Slezinski, Nikodem"]
[Black "Szwaj, Jacek"]
[Result "0-1"]
[WhiteElo "1985"]
[BlackElo "1893"]
[PlyCount "101"]
[EventDate "2022.09.03"]
[EventType "team-swiss"]
[EventRounds "9"]
[EventCountry "POL"]
[SourceTitle "CBM 210 Extra"]
[Source "ChessBase"]
[SourceDate "2022.11.30"]
[SourceVersion "1"]
[SourceVersionDate "2022.11.30"]
[SourceQuality "1"]
[WhiteTeam "Krakow AGH"]
[BlackTeam "Warszawa Mogalo"]
[WhiteTeamCountry "POL"]
[BlackTeamCountry "POL"]

1. d4 Nf6 2. Nf3 g6 3. Bf4 Bg7 4. e3 0-0 5. Be2 d6 6. h3 Nfd7 7. Bh2 e5 8. c3 Nc6 9. 0-0 f5 10. a4 g5 11. Nfd2 Kh8 12. Na3 Qe7 13. Qb3 Nf6 14. Rfe1 h5 15. Nac4 e4 16. a5 a6 17. Qc2 Bh6 18. Bf1 h4 19. Kh1 Rg8 20. Qd1 g4 21. g3 hxg3 22. Bxg3 Nh5 23. Qe2 Bd7 24. b4 Rg7 25. h4 Rh7 26. Bg2 Bg7 27. Kh2 Bf6 28. Rh1 Bxh4 29. Bxh4 Qxh4+ 30. Kg1 Qg5 31. Nf1 Ne7 32. Ncd2 d5 33. Ng3 Ng6 34. Nxh5 Rxh5 35. Rxh5+ Qxh5 36. Nf1 Bb5 37. Ng3 Qg5 38. Qb2 Kg7 39. c4 Bxc4 40. Bf1 Bxf1 41. Kxf1 Rf8 42. b5 f4 43. exf4 Nxf4 44. Qc1 Rf7 45. Ra2 Qh4 46. Ra3 Qh2 47. Qc5 Qg2+ 48. Ke1 Qg1+ 49. Kd2 Qxf2+ 50. Kd1 c6 51. Nxe4 0-1

[Event "Krakow Malopolski Cup"]
[Site "Krakow"]
[Date "2022.08.09"]
[Round "9"]
[White "Slezinski, Nikodem"]
[Black "Wiecek, Pawel"]
[Result "1-0"]
[WhiteElo "1980"]
[BlackElo "1888"]
[PlyCount "51"]
[EventDate "2022.08.04"]
[EventType "swiss"]
[EventRounds "9"]
[EventCountry "POL"]
[SourceTitle "CBM 209 Extra"]
[Source "ChessBase"]
[SourceDate "2022.09.30"]
[SourceVersion "1"]
[SourceVersionDate "2022.09.30"]
[SourceQuality "1"]

1. d4 Nf6 2. Nf3 g6 3. Bf4 Bg7 4. e3 b6 5. Be2 0-0 6. c3 Bb7 7. a4 d6 8. h3 Nbd7 9. a5 c5 10. a6 Bc6 11. Na3 e5 12. Bh2 Qe7 13. 0-0 cxd4 14. cxd4 Rac8 15. Nb5 Bxb5 16. Bxb5 e4 17. Nd2 Nd5 18. Nc4 Qg5 19. Nxd6 N7f6 20. Nxc8 Rxc8 21. Qb3 Ne7 22. Rac1 Rf8 23. Rc7 Nf5 24. Bf4 Qh4 25. Rxa7 g5 26. Rxf7 1-0

[Event "Krakow Malopolski Cup"]
[Site "Krakow"]
[Date "2022.08.05"]
[Round "3"]
[White "Sygulski, Piotr"]
[Black "Slezinski, Nikodem"]
[Result "1-0"]
[WhiteElo "2005"]
[BlackElo "1980"]
[PlyCount "75"]
[EventDate "2022.08.04"]
[EventType "swiss"]
[EventRounds "9"]
[EventCountry "POL"]
[SourceTitle "CBM 209 Extra"]
[Source "ChessBase"]
[SourceDate "2022.09.30"]
[SourceVersion "1"]
[SourceVersionDate "2022.09.30"]
[SourceQuality "1"]

1. d4 Nf6 2. Nf3 d5 3. g3 e6 4. Bg2 Be7 5. 0-0 0-0 6. c4 dxc4 7. Nbd2 b5 8. Ne5 Nd5 9. a4 c6 10. Ne4 a6 11. Bd2 Bb7 12. b3 cxb3 13. Qxb3 Qb6 14. e3 Rc8 15. Rfb1 b4 16. a5 Qa7 17. Nd3 Nd7 18. Nxb4 Rab8 19. Nd3 c5 20. Nexc5 Nxc5 21. dxc5 Bxc5 22. Nxc5 Qxc5 23. e4 Nc7 24. Be3 Qb5 25. Qa2 Qc6 26. Ba7 Ra8 27. Rb6 Qc5 28. Rxb7 Rxa7 29. Rxa7 Qxa7 30. Rc1 Kf8 31. Qa3+ Ke8 32. e5 f6 33. Qd6 Qb8 34. Bc6+ Kf7 35. Bd7 Qb2 36. Rf1 Rb8 37. Qxc7 Rb7 38. Qc6 1-0

[Event "Krakow Malopolski Cup"]
[Site "Krakow"]
[Date "2022.08.04"]
[Round "2"]
[White "Slezinski, Nikodem"]
[Black "Kyc, Jerzy"]
[Result "1/2-1/2"]
[WhiteElo "1980"]
[BlackElo "2247"]
[PlyCount "86"]
[EventDate "2022.08.04"]
[EventType "swiss"]
[EventRounds "9"]
[EventCountry "POL"]
[SourceTitle "CBM 209 Extra"]
[Source "ChessBase"]
[SourceDate "2022.09.30"]
[SourceVersion "1"]
[SourceVersionDate "2022.09.30"]
[SourceQuality "1"]

1. d4 Nf6 2. Nf3 g6 3. Bf4 Bg7 4. e3 0-0 5. Be2 d6 6. h3 Nbd7 7. Bh2 c6 8. 0-0 b5 9. a4 bxa4 10. Nc3 c5 11. Nxa4 cxd4 12. exd4 Bb7 13. Re1 Ne4 14. Bd3 Ndf6 15. c3 d5 16. Ne5 e6 17. Qb3 Qc8 18. f3 Nd6 19. Nxg6 hxg6 20. Bxd6 Rd8 21. Bh2 Nd7 22. Qb5 Re8 23. Bd6 Bc6 24. Qa6 Bb7 25. Qb5 Bc6 26. Qa5 e5 27. Ba6 Bb7 28. Nc5 Nxc5 29. Bxc5 Bxa6 30. Qxa6 Qb8 31. Qc6 Qxb2 32. Rxa7 Qxc3 33. Rf1 Qe3+ 34. Kh1 Rad8 35. Bb6 Qd3 36. Re1 Rc8 37. Rc7 Qf5 38. dxe5 Rb8 39. Ba7 Rbd8 40. f4 Re6 41. Qc1 d4 42. Qd2 Bh6 43. Bxd4 Qxf4 1/2-1/2

[Event "Opole Termika Blitz op"]
[Site "Opole"]
[Date "2021.07.18"]
[Round "3"]
[White "Slezinski, Nikodem"]
[Black "Steczek, Marcin"]
[Result "0-1"]
[WhiteElo "1994"]
[BlackElo "2358"]
[PlyCount "70"]
[EventDate "2021.07.18"]
[EventType "swiss (blitz)"]
[EventRounds "13"]
[EventCountry "POL"]
[SourceTitle "CBM 203 Extra"]
[Source "ChessBase"]
[SourceDate "2021.09.30"]
[SourceVersion "1"]
[SourceVersionDate "2021.09.30"]
[SourceQuality "1"]

1. e4 e6 2. d4 d5 3. Nc3 Be7 4. Nf3 b6 5. exd5 exd5 6. Bd3 Nf6 7. Ne2 0-0 8. Ng3 Re8 9. 0-0 Bb7 10. Re1 Bf8 11. Ne5 a6 12. Bg5 h6 13. Bd2 Nc6 14. Nxc6 Bxc6 15. Qf3 g6 16. Rxe8 Bxe8 17. Re1 Bg7 18. Bf4 Bb5 19. Be5 Bxd3 20. Qxd3 h5 21. h3 h4 22. Ne2 Ne4 23. Bxg7 Kxg7 24. f3 Nd6 25. Nf4 Nf5 26. Re5 c6 27. Rxf5 gxf5 28. Qxf5 Ra7 29. Nh5+ Kf8 30. Qe5 f6 31. Nxf6 Qe7 32. Qb8+ Kf7 33. Ng4 Qe1+ 34. Kh2 Qg3+ 35. Kg1 Qxb8 0-1

[Event "Opole Termika Rapid op"]
[Site "Opole"]
[Date "2021.07.17"]
[Round "2"]
[White "Slezinski, Nikodem"]
[Black "Jakubowski, Krzysztof"]
[Result "0-1"]
[WhiteElo "1994"]
[BlackElo "2497"]
[PlyCount "78"]
[EventDate "2021.07.17"]
[EventType "swiss (rapid)"]
[EventRounds "9"]
[EventCountry "POL"]
[SourceTitle "CBM 203 Extra"]
[Source "ChessBase"]
[SourceDate "2021.09.30"]
[SourceVersion "1"]
[SourceVersionDate "2021.09.30"]
[SourceQuality "1"]

1. e4 c5 2. Nc3 e6 3. f4 a6 4. Nf3 b5 5. d4 cxd4 6. Nxd4 Bb7 7. Bd3 Bc5 8. Nb3 Bb6 9. Qe2 Ne7 10. Be3 d5 11. 0-0-0 Nd7 12. f5 0-0 13. fxe6 fxe6 14. exd5 Nxd5 15. Bxb6 Qxb6 16. Nxd5 Bxd5 17. Rhf1 Rxf1 18. Rxf1 Rf8 19. Rxf8+ Nxf8 20. Be4 Qg1+ 21. Kd2 Bxe4 22. Qxe4 Qxh2 23. Nd4 Qd6 24. Ke2 Qb4 25. b3 Qa3 26. Kf3 Qd6 27. c3 Kf7 28. Qc6 Ke7 29. Qe4 g6 30. Qh4+ Kf7 31. Qe4 Nd7 32. Qh4 h5 33. Qg5 Ne5+ 34. Ke2 Qd5 35. Kf1 Qe4 36. Qh6 Qd3+ 37. Ke1 Qxc3+ 38. Qd2 Nd3+ 39. Ke2 Qxd4 0-1

[Event "POL-ch Academic"]
[Site "Chorzow"]
[Date "2021.05.15"]
[Round "7.19"]
[White "Slezinski, Nikodem"]
[Black "Tomaszewski, Kacper"]
[Result "1/2-1/2"]
[WhiteElo "1994"]
[BlackElo "2302"]
[PlyCount "63"]
[EventDate "2021.05.14"]
[EventType "swiss (rapid)"]
[EventRounds "9"]
[EventCountry "POL"]
[SourceTitle "CBM 202 Extra"]
[Source "ChessBase"]
[SourceDate "2021.07.31"]
[SourceVersion "1"]
[SourceVersionDate "2021.07.31"]
[SourceQuality "1"]

1. e4 c6 2. d3 d5 3. Nd2 g6 4. g3 Bg7 5. Bg2 e5 6. Ne2 Ne7 7. 0-0 0-0 8. f4 exf4 9. Nxf4 dxe4 10. Nxe4 Nf5 11. Kh1 Nd6 12. c3 Nxe4 13. Bxe4 Nd7 14. d4 Nf6 15. Bf3 Re8 16. Nd3 Nd5 17. Ne5 Bh3 18. Nxf7 Qe7 19. Bg2 Bxg2+ 20. Kxg2 Qe2+ 21. Qxe2 Rxe2+ 22. Kh3 Ne7 23. Nd6 b5 24. a4 b4 25. Bg5 Nd5 26. Rae1 Rxe1 27. Rxe1 bxc3 28. bxc3 Nxc3 29. Re7 Bxd4 30. Nf7 Nd5 31. Nh6+ Kh8 32. Nf7+ 1/2-1/2

[Event "POL-ch Academic"]
[Site "Katowice"]
[Date "2020.11.13"]
[Round "4"]
[White "Lanica, Lukasz"]
[Black "Slezinski, Nikodem"]
[Result "1-0"]
[WhiteElo "1853"]
[BlackElo "2023"]
[PlyCount "69"]
[EventDate "2020.11.13"]
[EventType "swiss (rapid)"]
[EventRounds "9"]
[EventCountry "POL"]
[SourceTitle "CBM 199 Extra"]
[Source "ChessBase"]
[SourceDate "2021.01.31"]
[SourceVersion "1"]
[SourceVersionDate "2021.01.31"]
[SourceQuality "1"]

1. e4 e5 2. d4 exd4 3. Qxd4 Nc6 4. Qe3 g6 5. Nc3 Bg7 6. Bd2 Nge7 7. 0-0-0 0-0 8. Bc4 d6 9. Nge2 Na5 10. Bb3 Nxb3+ 11. axb3 a5 12. h4 b5 13. h5 a4 14. hxg6 fxg6 15. bxa4 bxa4 16. Nb1 Bd7 17. Bc3 Bxc3 18. Qxc3 Rf7 19. e5 dxe5 20. Qxe5 Qc8 21. Nd4 Nf5 22. Nf3 Re7 23. Qc3 Nd6 24. Ng5 Qf8 25. Nxh7 Qf4+ 26. Nd2 Ne4 27. Qc4+ Qf7 28. Qxf7+ Kxf7 29. Nxe4 Bf5 30. Nhg5+ Kg8 31. f3 a3 32. bxa3 Rxa3 33. Kb2 Ra6 34. Rd8+ Kg7 35. Rh7# 1-0

[Event "Krakow op-B 30th"]
[Site "Krakow"]
[Date "2019.12.31"]
[Round "6"]
[White "Lutsko, Artem"]
[Black "Slezinski, Nikodem"]
[Result "1-0"]
[WhiteElo "2005"]
[BlackElo "2005"]
[PlyCount "101"]
[EventDate "2019.12.27"]
[EventType "swiss"]
[EventRounds "9"]
[EventCountry "POL"]
[SourceTitle "CBM 195 Extra"]
[Source "ChessBase"]
[SourceDate "2020.05.31"]
[SourceVersion "1"]
[SourceVersionDate "2020.05.31"]
[SourceQuality "1"]

1. d4 Nf6 2. Nf3 d5 3. c4 e6 4. g3 Be7 5. Bg2 0-0 6. Nc3 dxc4 7. Ne5 Nc6 8. Bxc6 bxc6 9. Nxc6 Qd6 10. Nxe7+ Qxe7 11. Qa4 c5 12. dxc5 Qxc5 13. Be3 Qc7 14. f3 e5 15. Kf2 Be6 16. Rhd1 Qb7 17. Rd2 Rfd8 18. Rxd8+ Rxd8 19. Qxa7 Qxb2 20. Qa5 Re8 21. Rb1 Qc2 22. Qxe5 h6 23. Rb8 Rxb8 24. Qxb8+ Kh7 25. Bd4 Qf5 26. Qf4 Qxf4 27. gxf4 Nd5 28. Nxd5 Bxd5 29. a4 g5 30. f5 h5 31. a5 Bb7 32. Be3 Bc8 33. Bxg5 Bxf5 34. a6 Bd7 35. a7 Bc6 36. Ke3 Kg6 37. h4 f6 38. f4 Kf5 39. Kd4 c3 40. Kxc3 Ke4 41. Bxf6 Kxf4 42. Kd4 Kf5 43. Bg5 Ke6 44. e4 Bb7 45. e5 Bf3 46. Bf4 Bg2 47. Kc5 Kd7 48. Kb6 Bd5 49. e6+ Kxe6 50. Kc7 Kf5 51. Bg5 1-0

[Event "Krakow op-B 28th"]
[Site "Krakow"]
[Date "2017.12.30"]
[Round "4"]
[White "Kostanski, Marcin"]
[Black "Slezinski, Nikodem"]
[Result "1/2-1/2"]
[WhiteElo "1999"]
[BlackElo "2024"]
[PlyCount "152"]
[EventDate "2017.12.27"]
[EventType "swiss"]
[EventRounds "9"]
[EventCountry "POL"]
[SourceTitle "CBM 182 Extra"]
[Source "ChessBase"]
[SourceDate "2018.02.23"]
[SourceVersion "1"]
[SourceVersionDate "2018.02.23"]
[SourceQuality "1"]

1. Nf3 Nf6 2. g3 d5 3. Bg2 e6 4. 0-0 Be7 5. d4 0-0 6. Nbd2 c5 7. c4 cxd4 8. Nxd4 e5 9. N4f3 Nc6 10. cxd5 Qxd5 11. Qb3 Rd8 12. Qxd5 Nxd5 13. Nc4 f6 14. e4 Ndb4 15. Ne3 Bc5 16. a3 Bxe3 17. Bxe3 Nc2 18. Rad1 Nxe3 19. Rxd8+ Nxd8 20. fxe3 Be6 21. Rd1 Rc8 22. Ne1 Kf7 23. Nd3 a5 24. b4 b6 25. Bf1 Ke7 26. Nb2 Rc3 27. Rd3 Rc1 28. Rd1 Rxd1 29. Nxd1 Nb7 30. Nc3 Nd6 31. Na4 axb4 32. axb4 b5 33. Nc3 Bd7 34. Kf2 Bc6 35. g4 g6 36. h4 Ke6 37. Bd3 Kd7 38. h5 gxh5 39. gxh5 Ke6 40. Kg3 h6 41. Kg4 Kf7 42. Kg3 Ke7 43. Kg4 Ke6 44. Bc2 Nxe4 45. Bxe4 Bxe4 46. Nxe4 f5+ 47. Kf3 fxe4+ 48. Kxe4 Kf6 49. Kd5 Kf5 50. Kc5 Ke4 51. Kd6 Kd3 52. Kxe5 Kc4 53. Kf6 Kxb4 54. e4 Kc4 55. e5 b4 56. e6 b3 57. e7 b2 58. e8Q b1Q 59. Qc6+ Kd4 60. Qd6+ Ke3 61. Qe5+ Qe4 62. Qg3+ Kd4 63. Qd6+ Ke3 64. Kg7 Ke2 65. Kxh6 Qf5 66. Qe7+ Kf3 67. Qa3+ Kg4 68. Qb4+ Kh3 69. Qc3+ Kg4 70. Qd4+ Kh3 71. Qe3+ Kh4 72. Qe7+ Kg4 73. Qg7+ Kh4 74. Qg6 Qf8+ 75. Kh7 Qe7+ 76. Kg8 Qd8+ 1/2-1/2

[Event "Suwalki Warakomska Memorial-B 1st"]
[Site "Suwalki"]
[Date "2017.08.18"]
[Round "9"]
[White "Samborski, Henryk"]
[Black "Slezinski, Nikodem"]
[Result "1-0"]
[WhiteElo "2096"]
[BlackElo "1995"]
[PlyCount "71"]
[EventDate "2017.08.11"]
[EventType "swiss"]
[EventRounds "9"]
[EventCountry "POL"]
[SourceTitle "CBM 180 Extra"]
[Source "ChessBase"]
[SourceDate "2017.10.06"]
[SourceVersion "1"]
[SourceVersionDate "2017.10.06"]
[SourceQuality "1"]

1. Nf3 g6 2. g3 b6 3. Bg2 Bb7 4. 0-0 Bg7 5. d4 e6 6. c4 Ne7 7. Nc3 d6 8. e4 Nd7 9. Re1 a6 10. b3 0-0 11. Bb2 c6 12. Qe2 b5 13. e5 Qc7 14. Ba3 Nc8 15. exd6 Nxd6 16. Ne4 Nxe4 17. Bxf8 Rxf8 18. Qxe4 bxc4 19. Ne5 Nxe5 20. dxe5 cxb3 21. axb3 Rd8 22. Rac1 Rd5 23. f4 Bf8 24. Kh1 Qb6 25. Qc2 Rb5 26. Red1 Ba3 27. Rb1 a5 28. h4 Rc5 29. Qd3 Kg7 30. Qd8 Qxd8 31. Rxd8 Rc3 32. Kh2 Ba6 33. Ra8 Bd3 34. Rd1 Bc2 35. Rd7 Bxb3 36. Raa7 1-0

[Event "Suwalki Warakomska Memorial-B 1st"]
[Site "Suwalki"]
[Date "2017.08.17"]
[Round "8"]
[White "Slezinski, Nikodem"]
[Black "Rak, Tomasz"]
[Result "1/2-1/2"]
[WhiteElo "1995"]
[BlackElo "2067"]
[PlyCount "93"]
[EventDate "2017.08.11"]
[EventType "swiss"]
[EventRounds "9"]
[EventCountry "POL"]
[SourceTitle "CBM 180 Extra"]
[Source "ChessBase"]
[SourceDate "2017.10.06"]
[SourceVersion "1"]
[SourceVersionDate "2017.10.06"]
[SourceQuality "1"]

1. e4 c5 2. Nc3 Nc6 3. Bb5 Nd4 4. Bc4 e6 5. Nf3 Ne7 6. 0-0 Nec6 7. d3 Be7 8. Nxd4 Nxd4 9. a3 0-0 10. Ba2 b5 11. Ne2 Nxe2+ 12. Qxe2 a5 13. f4 Ra6 14. f5 d5 15. fxe6 fxe6 16. Rxf8+ Bxf8 17. a4 b4 18. exd5 exd5 19. Qe5 Be6 20. Bg5 Qd6 21. Re1 Bf7 22. Qf5 Qg6 23. Qxg6 Rxg6 24. Re5 Rd6 25. Be7 Rd7 26. Bxf8 Kxf8 27. Kf2 c4 28. Rf5 Ke7 29. dxc4 dxc4 30. Ke3 Ra7 31. Rc5 Kd6 32. Kd4 c3 33. Bxf7 Rxf7 34. b3 Rf2 35. Rd5+ Kc6 36. Rc5+ Kb6 37. Rb5+ Ka6 38. Kc5 Rf5+ 39. Kc6 Rf6+ 40. Kc7 Rf7+ 41. Kd6 h6 42. g4 g6 43. h4 Rf6+ 44. Kc7 Rf7+ 45. Kd6 Rf4 46. g5 Rxh4 47. Kc7 1/2-1/2

[Event "Suwalki Warakomska Memorial-B 1st"]
[Site "Suwalki"]
[Date "2017.08.16"]
[Round "7"]
[White "Tarnowska, Aleksandra"]
[Black "Slezinski, Nikodem"]
[Result "0-1"]
[WhiteElo "1807"]
[BlackElo "1995"]
[PlyCount "40"]
[EventDate "2017.08.11"]
[EventType "swiss"]
[EventRounds "9"]
[EventCountry "POL"]
[SourceTitle "CBM 180 Extra"]
[Source "ChessBase"]
[SourceDate "2017.10.06"]
[SourceVersion "1"]
[SourceVersionDate "2017.10.06"]
[SourceQuality "1"]

1. e4 e5 2. Nf3 Nc6 3. Bb5 f5 4. d3 fxe4 5. dxe4 Nf6 6. 0-0 Bc5 7. Nc3 d6 8. h3 0-0 9. Ng5 Kh8 10. Bc4 Qe8 11. Nd5 Nxd5 12. Bxd5 Qg6 13. h4 h6 14. g4 hxg5 15. Bxg5 Nd4 16. Kg2 c6 17. Bc4 Nf3 18. Be2 Bxg4 19. Rh1 Qxe4 20. Qd3 Ne1+ 0-1

[Event "Katowice POL-HUN 5th"]
[Site "Katowice"]
[Date "2017.05.21"]
[Round "9"]
[White "Kruszynski, Wlodzimierz"]
[Black "Slezinski, Nikodem"]
[Result "1/2-1/2"]
[WhiteElo "2316"]
[BlackElo "2037"]
[PlyCount "75"]
[EventDate "2017.05.20"]
[EventType "swiss (rapid)"]
[EventRounds "9"]
[EventCountry "POL"]
[SourceTitle "CBM 178 Extra"]
[Source "ChessBase"]
[SourceDate "2017.06.22"]
[SourceVersion "1"]
[SourceVersionDate "2017.06.22"]
[SourceQuality "1"]

1. e4 e5 2. Nf3 Nc6 3. Bb5 f5 4. d3 fxe4 5. dxe4 Nf6 6. Qd3 Bb4+ 7. c3 Bc5 8. 0-0 d6 9. b4 Bb6 10. Bc4 Qe7 11. Bg5 Be6 12. Nbd2 a6 13. Nh4 0-0 14. Nf5 Qf7 15. Bxf6 Qxf6 16. Kh1 Ne7 17. Bxe6+ Qxe6 18. Nxe7+ Qxe7 19. Qd5+ Kh8 20. Qxb7 Rab8 21. Qd5 Rxf2 22. Rxf2 Bxf2 23. Rf1 Rf8 24. Qb7 h6 25. Qxa6 Qg5 26. Qe2 Ra8 27. Nf3 Qe3 28. Qxf2 Qxe4 29. h3 Qc4 30. Ra1 Qxc3 31. Rb1 Qc4 32. Rb2 Rf8 33. Qe2 Qc1+ 34. Kh2 Qf4+ 35. Kg1 Qc1+ 36. Kh2 Qf4+ 37. Kg1 Qc1+ 38. Ne1 1/2-1/2

[Event "Krakow op-B 27th"]
[Site "Krakow"]
[Date "2017.01.03"]
[Round "8"]
[White "Janus, Przemyslaw"]
[Black "Slezinski, Nikodem"]
[Result "0-1"]
[WhiteElo "2084"]
[BlackElo "2003"]
[PlyCount "56"]
[EventDate "2016.12.27"]
[EventType "swiss"]
[EventRounds "9"]
[EventCountry "POL"]
[SourceTitle "CBM 176 Extra"]
[Source "ChessBase"]
[SourceDate "2017.03.02"]
[SourceVersion "1"]
[SourceVersionDate "2017.03.02"]
[SourceQuality "1"]

1. d4 Nf6 2. c4 e6 3. Nc3 d5 4. Bg5 Bb4 5. Nf3 dxc4 6. e3 b5 7. Be2 Bb7 8. 0-0 a6 9. Ne5 Nbd7 10. f4 c5 11. Bf3 Qb6 12. a3 Bxc3 13. bxc3 cxd4 14. exd4 0-0 15. Rb1 Nxe5 16. Bxb7 Qxb7 17. fxe5 Ne4 18. Qf3 Qd5 19. Bf4 f5 20. exf6 Nxf6 21. Qh3 Qf5 22. Qh4 Qg6 23. Rbe1 Nd5 24. Bd6 Rxf1+ 25. Kxf1 Nxc3 26. Qh3 Qd3+ 27. Qxd3 cxd3 28. Bb4 d2 0-1

[Event "Krakow op-B 27th"]
[Site "Krakow"]
[Date "2016.12.31"]
[Round "6"]
[White "Slezinski, Nikodem"]
[Black "Milikow, Elie"]
[Result "1-0"]
[WhiteElo "2003"]
[BlackElo "1787"]
[PlyCount "81"]
[EventDate "2016.12.27"]
[EventType "swiss"]
[EventRounds "9"]
[EventCountry "POL"]
[SourceTitle "CBM 176 Extra"]
[Source "ChessBase"]
[SourceDate "2017.03.02"]
[SourceVersion "1"]
[SourceVersionDate "2017.03.02"]
[SourceQuality "1"]

1. e4 c5 2. Nc3 d6 3. f4 Nc6 4. Nf3 Bg4 5. Bb5 a6 6. Bxc6+ bxc6 7. d3 d5 8. h3 Bxf3 9. Qxf3 e6 10. 0-0 Nf6 11. Bd2 Be7 12. Rae1 0-0 13. e5 Ne8 14. b3 g6 15. Kh1 Ng7 16. Ne2 Qd7 17. Qf2 Qa7 18. Nc3 Nf5 19. g3 c4 20. Qxa7 Rxa7 21. Kg2 cxd3 22. cxd3 Bb4 23. g4 Nd4 24. Rf2 Rb7 25. Na4 a5 26. Rc1 Ba3 27. Rd1 Bb4 28. Be3 Nb5 29. Bc5 Nc3 30. Rc1 Ra8 31. Rxc3 Bxc3 32. Nxc3 d4 33. Na4 Rb5 34. Rc2 Rd8 35. Kf3 h6 36. Ke4 Kh7 37. Rc4 Rd5 38. Ba3 Kg8 39. Rxc6 Rd8 40. Be7 Re8 41. Bd6 1-0

[Event "Slask-ch Bak Memorial"]
[Site "Chorzow"]
[Date "2016.09.18"]
[Round "4"]
[White "Mucha, Piotr"]
[Black "Slezinski, Nikodem"]
[Result "1-0"]
[WhiteElo "2161"]
[BlackElo "1984"]
[PlyCount "57"]
[EventDate "2016.09.17"]
[EventType "swiss"]
[EventRounds "9"]
[EventCountry "POL"]
[SourceTitle "EXT 2018"]
[Source "ChessBase"]
[SourceDate "2017.10.13"]
[SourceVersion "1"]
[SourceVersionDate "2017.10.13"]
[SourceQuality "1"]

1. f4 Nc6 2. Nf3 d6 3. g3 e5 4. d3 g6 5. Bg2 Bg7 6. Nc3 Nge7 7. 0-0 0-0 8. e4 f5 9. Be3 fxe4 10. dxe4 exf4 11. gxf4 Be6 12. Qd3 h6 13. Rad1 Qd7 14. Nd5 Bf7 15. c4 Rae8 16. Qd2 Kh7 17. Kh1 b5 18. b3 a6 19. Rg1 Be6 20. f5 gxf5 21. Bh3 Ng8 22. Nf4 Nd8 23. Nd4 Be5 24. Nfxe6 Nxe6 25. Bxf5+ Rxf5 26. Nxf5 Qf7 27. Rdf1 Qh5 28. Qg2 c5 29. Rf3 1-0

[Event "Polanica Zdroj op-C 52nd"]
[Site "Polanica Zdroj"]
[Date "2016.08.28"]
[Round "9"]
[White "Rudecki, Bartosz"]
[Black "Slezinski, Nikodem"]
[Result "1-0"]
[WhiteElo "1665"]
[BlackElo "1981"]
[PlyCount "113"]
[EventDate "2016.08.20"]
[EventType "swiss"]
[EventRounds "9"]
[EventCountry "POL"]
[SourceTitle "CBM 174 Extra"]
[Source "ChessBase"]
[SourceDate "2016.10.10"]
[SourceVersion "1"]
[SourceVersionDate "2016.10.10"]
[SourceQuality "1"]

1. d4 Nf6 2. c4 e5 3. dxe5 Ng4 4. Bf4 Nc6 5. Nf3 Bb4+ 6. Nbd2 Qe7 7. e3 Ngxe5 8. Nxe5 Nxe5 9. Be2 0-0 10. 0-0 d6 11. Nb3 Ng6 12. Bg3 f5 13. a3 Bc5 14. Nxc5 dxc5 15. Bf3 f4 16. exf4 Nxf4 17. Re1 Qf6 18. Bxf4 Qxf4 19. Qd5+ Kh8 20. Qxc5 c6 21. Re7 h6 22. Rae1 Rf7 23. Re8+ Kh7 24. Be4+ g6 25. Qd4 Qf6 26. Qxf6 Rxf6 27. Bxc6 Rf7 28. Bd5 Rg7 29. Rd8 h5 30. h3 Rb8 31. b4 b5 32. cxb5 Rxb5 33. Rxc8 Rxd5 34. Rec1 Rdd7 35. b5 Rd3 36. a4 Ra3 37. R1c4 Rd7 38. R8c7 Rad3 39. a5 Kh6 40. Kh2 Kg5 41. R7c6 R3d5 42. b6 axb6 43. axb6 Kh6 44. Rc7 R7d6 45. R4c6 Rxc6 46. Rxc6 Rb5 47. h4 Rb4 48. Kg3 Rg4+ 49. Kh3 Rb4 50. Kg3 Rg4+ 51. Kh3 Rb4 52. g3 Kg7 53. Rc7+ Kf6 54. b7 Rb2 55. Kg2 Rb6 56. Kf3 Ke6 57. Rc6+ 1-0